00549nam a2200193Ia 4500008004100000041001200041082001200053100003000065245005300095260003400148300000800182365000800190520001300198546001200211630005300223650001300276655001300289730005300302101110s9999 xx 000 0 und d aMARATHI bSR32766 aLiman M.S., Rawrekar D.P. aVyavasthapakiya va vittiya tatve SYBCom (Com-II) c2009bSheth Prakashan, Mumbai a310 b120 aCommerce aMARATHI aVyavasthapakiya va vittiya tatve SYBCom (Com-II) aCommerce aCommerce aVyavasthapakiya va vittiya tatve SYBCom (Com-II)